| 000 | 00763nmc a2200277 a 4500 | ||
|---|---|---|---|
| 003 | AR-BaBNM | ||
| 005 | 20251128203833.0 | ||
| 008 | 217019s1962 ||||||||||||||000 | spa|| | ||
| 040 | _cAR-BaBNM | ||
| 100 | 1 | _aHalperin Donghi, Tulio | |
| 245 | 1 | 0 | _aHistoria de la Universidad de Buenos Aires |
| 260 |
_aBuenos Aires _bEudeba _c1962 |
||
| 300 |
_a227 p. _bfacsím. |
||
| 490 | 0 | _aBiblioteca de América | |
| 500 | _aContiene índice alfabético | ||
| 610 | 2 | 4 | _aUniversidad de Buenos Aires |
| 650 | 4 | _aHISTORIA DE LA EDUCACION | |
| 650 | 4 | _aUNIVERSIDADES | |
| 650 | 4 | _aESTADO Y EDUCACION | |
| 650 | 4 | _aSIGLO DIECINUEVE | |
| 650 | 4 | _aSIGLO VEINTE | |
| 650 | 4 | _aORGANIZACION DE LA EDUCACION | |
| 651 | 4 | _aArgentina | |
| 942 | _cBK | ||
| 998 | _cSILVI | ||
| 999 |
_c5116 _d5116 |
||